000 00771nam a2200181Ia 4500
008 100920s9999 xx 000 0 und d
082 _b81427
_a28 व 375 न 01
100 _aमराठे श्याम.
245 _aझटपट गुणाकाराची भारतीय तंत्रे.
260 _bइंद्रायणी साहित्य प्रकाशन ,पुणे 30.
_c2001
300 _a120
_bसाधी
365 _b70
520 _aबा.वि.शालो.
630 _aझटपट गुणाकाराची भारतीय तंत्रे.
650 _aबा.वि.शालो.
730 _aझटपट गुणाकाराची भारतीय तंत्रे.
942 _cBOOK
999 _c722229
_d722226